Elszakított folyók éneke [vers] /

Elmentve itt :
Bibliográfiai részletek
Szerző: Gyökössy Endre
Dokumentumtípus: Cikk
Megjelent: 1937
Sorozat:Gyakorlati pedagógia 3 No. 5
Kulcsszavak:Magyar irodalom - vers
Tárgyszavak:
Online Access:http://acta.bibl.u-szeged.hu/51358
LEADER 00662nab a2200193 i 4500
001 acta51358
005 20250411121602.0
008 180423s1937 hu o 000 hun d
040 |a SZTE Egyetemi Kiadványok Repozitórium  |b hun 
041 |a hun 
100 1 |a Gyökössy Endre 
245 1 0 |a Elszakított folyók éneke   |h [elektronikus dokumentum] :  |b [vers] /  |c  Gyökössy Endre 
260 |c 1937 
300 |a 288-289 
490 0 |a Gyakorlati pedagógia  |v 3 No. 5 
650 4 |a Bölcsészettudományok 
650 4 |a Nyelvek és irodalom 
695 |a Magyar irodalom - vers 
856 4 0 |u http://acta.bibl.u-szeged.hu/51358/1/gyakorlati_1937_005_288-289.pdf  |z Dokumentum-elérés